000 00216 a2200097 4500
001 4638
100 _aSutton,R.M
245 _aDemonstration experiments in physics
260 _a
_bMcgrawhill
_c
090 _c3832
_d3832
942 _aNUST-CAE
_cM
_c30081
999 _c239711
_d239711